000 00529nam a2200181 4500
999 _c170685
_d170685
005 20191223112459.0
010 _aENG-127206
020 _a9789384061586
_c299.00
035 _aEN-110738
037 _bDBAD/PUB
082 _a658
100 _aIyer,Venkatraghvan
245 _aMy journey with vadapav :
_cby Venkatesh Iyer
260 _aNew Delhi
_bTV 18 Broadcast
_c2016
270 _a507, Prabhat Kiran, 17, Rajendra Place
_bNew Delhi
_e110008
300 _a181p.
_c20cm(Hb)
942 _2ddc
_cEN
_h658
_mIYE